[Event "Moscow_Open_19_Turnir"]
[Site "?"]
[Date "2019.01.31"]
[Round "7.3"]
[White "Nyudleev, Dolgan"]
[Black "Ivlev, Aleksey"]
[Result "1/2-1/2"]
[BlackElo "2326"]
[WhiteElo "2333"]
[LiveChessVersion "1.4.8"]

1. e4 {[%clk 1:10:18]} e5 {[%clk 1:30:55]} 2. Nf3 {[%clk 1:10:28]} Nc6
{[%clk 1:31:20]} 3. Nc3 {[%clk 1:10:51]} Nf6 {[%clk 1:31:44]} 4. Bb5
{[%clk 1:11:13]} Bb4 {[%clk 1:30:33]} 5. O-O {[%clk 1:11:29]} O-O
{[%clk 1:30:59]} 6. Nd5 {[%clk 1:11:55]} Nxd5 {[%clk 1:28:16]} 7. exd5
{[%clk 1:12:23]} e4 {[%clk 1:28:00]} 8. dxc6 {[%clk 1:10:52]} dxc6
{[%clk 1:26:53]} 9. Be2 {[%clk 1:10:30]} exf3 {[%clk 1:27:15]} 10. Bxf3
{[%clk 1:10:58]} Qf6 {[%clk 1:25:57]} 11. d4 {[%clk 1:09:47]} Be6
{[%clk 1:24:18]} 12. c3 {[%clk 1:08:35]} Bd6 {[%clk 1:24:41]} 13. Re1
{[%clk 1:02:21]} Rfe8 {[%clk 1:22:11]} 14. Be3 {[%clk 1:00:42]} Bd5
{[%clk 1:22:04]} 15. Bxd5 {[%clk 0:57:07]} cxd5 {[%clk 1:22:33]} 16. Qh5
{[%clk 0:55:05]} c6 {[%clk 1:21:51]} 17. Qg5 {[%clk 0:52:54]} Qxg5
{[%clk 1:15:56]} 18. Bxg5 {[%clk 0:53:10]} f6 {[%clk 1:15:19]} 19. Bd2
{[%clk 0:52:56]} Kf7 {[%clk 1:15:43]} 20. g3 {[%clk 0:52:45]} h5 {[%clk 1:14:50]}
21. Rxe8 {[%clk 0:52:13]} Kxe8 {[%clk 1:14:05]} 22. Re1+ {[%clk 0:52:26]} Kd7
{[%clk 1:14:30]} 23. Kg2 {[%clk 0:52:02]} Re8 {[%clk 1:09:48]} 24. Rxe8
{[%clk 0:51:51]} Kxe8 {[%clk 1:10:17]} 25. f4 {[%clk 0:51:23]} g6
{[%clk 1:08:38]} 26. Kf3 {[%clk 0:51:14]} f5 {[%clk 1:08:15]} 27. Ke3
{[%clk 0:50:53]} Kd7 {[%clk 1:08:28]} 28. Kd3 {[%clk 0:51:07]} Ke6
{[%clk 1:08:52]} 29. Be3 {[%clk 0:51:21]} Be7 {[%clk 1:08:35]} 30. h4
{[%clk 0:51:30]} Bf6 {[%clk 1:08:27]} 31. Bd2 {[%clk 0:51:38]} Kd6
{[%clk 1:08:45]} 32. Be3 {[%clk 0:51:39]} a5 {[%clk 1:08:54]} 33. a4
{[%clk 0:51:47]} b5 {[%clk 1:08:34]} 34. b3 {[%clk 0:52:11]} Kc7 {[%clk 1:08:42]}
35. Bc1 {[%clk 0:51:59]} Be7 {[%clk 1:08:53]} 36. Be3 {[%clk 0:50:41]} Kb6
{[%clk 1:08:40]} 37. Bf2 {[%clk 0:49:42]} Bf8 {[%clk 1:07:34]} 38. Be3
{[%clk 0:49:49]} Ba3 {[%clk 1:06:54]} 39. Bf2 {[%clk 0:47:49]} Bf8
{[%clk 1:06:46]} 40. Be3 {[%clk 0:48:06]} Be7 {[%clk 1:06:06]} 41. Ke4 1/2-1/2

[Event "Moscow_Open_19_Turnir"]
[Site "?"]
[Date "2019.01.31"]
[Round "7.4"]
[White "Chernyavsky, Alexander"]
[Black "Zakhartsov, Vladimir"]
[Result "0-1"]
[BlackElo "2483"]
[WhiteElo "2357"]
[LiveChessVersion "1.4.8"]

1. Nf3 {[%clk 1:30:57]} Nf6 {[%clk 0:57:25]} 2. d4 {[%clk 1:29:30]} g6
{[%clk 0:57:47]} 3. Bf4 {[%clk 1:29:23]} Bg7 {[%clk 0:58:07]} 4. h3
{[%clk 1:29:36]} O-O {[%clk 0:58:07]} 5. e3 {[%clk 1:30:03]} c5 {[%clk 0:57:50]}
6. c3 {[%clk 1:28:49]} b6 {[%clk 0:58:08]} 7. Nbd2 {[%clk 1:28:25]} Bb7
{[%clk 0:58:30]} 8. Be2 {[%clk 1:24:41]} d6 {[%clk 0:58:50]} 9. O-O
{[%clk 1:23:18]} Nbd7 {[%clk 0:59:11]} 10. Bh2 {[%clk 1:23:06]} Qc7
{[%clk 0:59:18]} 11. a4 {[%clk 1:19:44]} a6 {[%clk 0:58:35]} 12. Re1
{[%clk 1:16:28]} Ne4 {[%clk 0:58:29]} 13. Bf1 {[%clk 1:08:05]} Ndf6
{[%clk 0:58:17]} 14. Qb3 {[%clk 1:07:20]} Bc6 {[%clk 0:57:15]} 15. Nxe4
{[%clk 1:03:21]} Nxe4 {[%clk 0:57:11]} 16. d5 {[%clk 1:02:55]} Bd7
{[%clk 0:55:28]} 17. Qc2 {[%clk 1:01:04]} Nf6 {[%clk 0:55:32]} 18. e4
{[%clk 1:00:18]} b5 {[%clk 0:55:32]} 19. e5 {[%clk 0:53:16]} Nxd5
{[%clk 0:52:39]} 20. exd6 {[%clk 0:53:18]} exd6 {[%clk 0:53:07]} 21. Rad1
{[%clk 0:48:24]} Bc6 {[%clk 0:51:49]} 22. axb5 {[%clk 0:48:13]} axb5
{[%clk 0:52:17]} 23. Bxb5 {[%clk 0:48:10]} Bxb5 {[%clk 0:52:24]} 24. Rxd5
{[%clk 0:48:34]} Rfd8 {[%clk 0:52:49]} 25. Qd2 {[%clk 0:45:08]} Bf8
{[%clk 0:47:00]} 26. b4 {[%clk 0:35:50]} Bc6 {[%clk 0:42:55]} 27. Rxc5
{[%clk 0:29:27]} Qb7 {[%clk 0:42:06]} 28. Rc4 {[%clk 0:28:33]} Bxf3
{[%clk 0:42:21]} 29. gxf3 {[%clk 0:28:57]} Qxf3 {[%clk 0:42:45]} 30. Bg3
{[%clk 0:25:40]} Re8 {[%clk 0:41:10]} 31. Rf4 {[%clk 0:22:54]} Qc6
{[%clk 0:40:05]} 32. Rxe8 {[%clk 0:18:43]} Rxe8 {[%clk 0:40:22]} 33. Rd4
{[%clk 0:19:11]} Ra8 {[%clk 0:38:38]} 34. Kh2 {[%clk 0:18:45]} Ra1
{[%clk 0:38:08]} 35. Rd5 {[%clk 0:18:05]} h5 {[%clk 0:38:12]} 36. Qd3
{[%clk 0:13:29]} Qe8 {[%clk 0:37:32]} 37. Qd2 {[%clk 0:12:06]} Qe4
{[%clk 0:37:54]} 38. f3 {[%clk 0:11:45]} Qxf3 {[%clk 0:37:12]} 39. Qg2
{[%clk 0:12:10]} Qxc3 {[%clk 0:37:22]} 40. Rxh5 {[%clk 0:11:07]} Rb1
{[%clk 0:35:26]} 41. Rf5 {[%clk 0:11:29]} Rb2 {[%clk 0:35:19]} 42. Rf2
{[%clk 0:11:23]} Rxf2 {[%clk 0:35:35]} 43. Qxf2 {[%clk 0:11:49]} Qxb4
{[%clk 0:36:01]} 44. h4 {[%clk 0:11:32]} Qe4 {[%clk 0:35:46]} 45. h5
{[%clk 0:11:05]} Qf5 {[%clk 0:32:33]} 46. Qxf5 {[%clk 0:10:06]} gxf5
{[%clk 0:31:02]} 47. Kg2 {[%clk 0:09:49]} d5 {[%clk 0:31:17]} 48. Kf3
{[%clk 0:06:24]} Kh7 {[%clk 0:30:46]} 49. Bf4 {[%clk 0:06:39]} Bh6
{[%clk 0:31:07]} 50. Bd6 {[%clk 0:06:43]} Bg5 {[%clk 0:30:59]} 51. Ke2
{[%clk 0:06:47]} Kh6 {[%clk 0:31:09]} 52. Kd3 {[%clk 0:06:55]} Bf6
{[%clk 0:31:32]} 53. Ke3 {[%clk 0:06:42]} Kxh5 {[%clk 0:31:56]} 54. Kf4
{[%clk 0:07:07]} Kg6 {[%clk 0:32:23]} 55. Bb4 {[%clk 0:07:31]} Bb2
{[%clk 0:31:55]} 56. Be7 {[%clk 0:07:47]} Bc3 {[%clk 0:31:56]} 57. Bd6
{[%clk 0:07:00]} d4 {[%clk 0:31:30]} 58. Be5 {[%clk 0:07:11]} f6 {[%clk 0:31:55]}
0-1

[Event "Moscow_Open_19_Turnir"]
[Site "?"]
[Date "2019.01.31"]
[Round "7.5"]
[White "Badalyan, Shavarsh"]
[Black "Tekeyev, Zaur"]
[Result "0-1"]
[BlackElo "2392"]
[WhiteElo "2198"]
[LiveChessVersion "1.4.8"]

1. d4 {[%clk 1:30:57]} Nf6 {[%clk 1:20:51]} 2. Nf3 {[%clk 1:31:18]} g6
{[%clk 1:20:30]} 3. Bg5 {[%clk 1:31:24]} Bg7 {[%clk 1:20:48]} 4. Nbd2
{[%clk 1:31:31]} O-O {[%clk 1:20:16]} 5. c3 {[%clk 1:31:40]} h6 {[%clk 1:18:53]}
6. Bh4 {[%clk 1:31:06]} d6 {[%clk 1:19:14]} 7. e4 {[%clk 1:30:32]} c5
{[%clk 1:19:35]} 8. dxc5 {[%clk 1:29:44]} dxc5 {[%clk 1:20:04]} 9. Be2
{[%clk 1:29:32]} Nc6 {[%clk 1:20:00]} 10. O-O {[%clk 1:29:34]} Nh5
{[%clk 1:19:50]} 11. Re1 {[%clk 1:27:16]} Nf4 {[%clk 1:11:46]} 12. Bf1
{[%clk 1:25:25]} Nh5 {[%clk 0:58:54]} 13. Nc4 {[%clk 1:15:18]} Bg4
{[%clk 0:57:27]} 14. Be2 {[%clk 1:08:15]} Nf4 {[%clk 0:54:09]} 15. Ne3 Qxd1
{[%clk 0:47:15]} 16. Raxd1 {[%clk 0:59:01]} Nxe2+ {[%clk 0:36:31]} 17. Rxe2
{[%clk 0:56:02]} Bxf3 {[%clk 0:35:47]} 18. gxf3 {[%clk 0:56:27]} e6
{[%clk 0:35:36]} 19. Bg3 {[%clk 0:51:54]} b5 {[%clk 0:31:16]} 20. Bd6
{[%clk 0:48:28]} Rfc8 {[%clk 0:29:01]} 21. Bxc5 {[%clk 0:45:59]} Ne5
{[%clk 0:28:41]} 22. Bd4 {[%clk 0:41:29]} Nxf3+ {[%clk 0:29:00]} 23. Kg2
{[%clk 0:41:54]} Nh4+ {[%clk 0:27:41]} 24. Kg3 {[%clk 0:41:14]} g5
{[%clk 0:28:10]} 25. Bxg7 {[%clk 0:38:12]} Kxg7 {[%clk 0:28:05]} 26. Rd7
{[%clk 0:36:37]} Ng6 {[%clk 0:20:41]} 27. Red2 {[%clk 0:35:35]} h5
{[%clk 0:19:46]} 28. Rb7 {[%clk 0:34:21]} Rcb8 {[%clk 0:17:46]} 29. Rdd7
{[%clk 0:30:41]} Rxb7 {[%clk 0:18:15]} 30. Rxb7 {[%clk 0:31:05]} a6
{[%clk 0:18:29]} 31. Nc2 {[%clk 0:29:10]} Kf6 {[%clk 0:17:49]} 32. Nd4
{[%clk 0:28:51]} Ne5 {[%clk 0:17:51]} 33. f3 {[%clk 0:27:24]} h4+
{[%clk 0:13:33]} 34. Kg2 {[%clk 0:26:52]} Nd3 {[%clk 0:13:10]} 35. b3
{[%clk 0:26:37]} Nc1 {[%clk 0:13:36]} 36. a4 {[%clk 0:25:25]} bxa4
{[%clk 0:14:05]} 37. bxa4 {[%clk 0:25:49]} Rc8 {[%clk 0:14:32]} 38. Rb6
{[%clk 0:23:17]} Rxc3 {[%clk 0:15:01]} 39. Rc6 {[%clk 0:23:17]} Rxc6
{[%clk 0:08:46]} 40. Nxc6 {[%clk 0:23:43]} Nd3 {[%clk 0:08:09]} 41. Kh3
{[%clk 0:22:51]} Ne5 {[%clk 0:07:19]} 42. Nd4 {[%clk 0:21:28]} Kg6
{[%clk 0:04:29]} 43. a5 {[%clk 0:15:35]} Kh5 {[%clk 0:03:11]} 44. Kg2
{[%clk 0:15:09]} g4 {[%clk 0:03:25]} 45. f4 {[%clk 0:15:25]} Nd3 {[%clk 0:03:13]}
46. f5 {[%clk 0:15:39]} e5 {[%clk 0:02:56]} 47. Nc6 {[%clk 0:15:47]} Kg5
{[%clk 0:03:02]} 48. Nd8 {[%clk 0:15:32]} Kf6 {[%clk 0:02:04]} 49. Nc6
{[%clk 0:15:52]} Nc5 {[%clk 0:02:08]} 50. Nb4 {[%clk 0:15:47]} Kg5
{[%clk 0:02:25]} 51. h3 {[%clk 0:15:29]} Kf4 {[%clk 0:01:45]} 52. hxg4
{[%clk 0:15:53]} Kxg4 {[%clk 0:02:10]} 53. f6 {[%clk 0:16:05]} Kf4
{[%clk 0:01:08]} 54. Kh3 {[%clk 0:16:27]} Kxe4 {[%clk 0:01:25]} 55. Kxh4
{[%clk 0:16:51]} Kf5 {[%clk 0:01:47]} 0-1

[Event "Moscow_Open_19_Turnir"]
[Site "?"]
[Date "2019.01.31"]
[Round "7.6"]
[White "Aleksandrovskiy, Dmitriy"]
[Black "Grachev, Andrey"]
[Result "1-0"]
[BlackElo "2181"]
[WhiteElo "2299"]
[LiveChessVersion "1.4.8"]

1. g3 {[%clk 1:11:02]} d6 {[%clk 1:28:43]} 2. Bg2 {[%clk 1:11:02]} e5
{[%clk 1:28:39]} 3. c4 {[%clk 1:11:27]} g6 {[%clk 1:28:09]} 4. Nc3
{[%clk 1:11:48]} Bg7 {[%clk 1:28:33]} 5. e3 {[%clk 1:12:02]} f5 {[%clk 1:25:33]}
6. d3 {[%clk 1:12:20]} Nf6 {[%clk 1:25:57]} 7. Nge2 {[%clk 1:12:43]} O-O
{[%clk 1:26:07]} 8. O-O {[%clk 1:13:02]} c6 {[%clk 1:22:41]} 9. b4
{[%clk 1:13:15]} Be6 {[%clk 1:21:39]} 10. b5 {[%clk 1:05:38]} Qc8
{[%clk 1:09:01]} 11. Ba3 {[%clk 1:01:21]} Rd8 {[%clk 1:08:26]} 12. bxc6
{[%clk 0:57:35]} bxc6 {[%clk 1:08:44]} 13. Qa4 {[%clk 0:57:11]} Bf7 14. Rab1
{[%clk 0:52:41]} Be8 {[%clk 1:00:45]} 15. Qa5 {[%clk 0:48:30]} Bf8
{[%clk 1:00:26]} 16. e4 {[%clk 0:39:01]} fxe4 {[%clk 0:48:18]} 17. Nxe4
{[%clk 0:39:07]} Nxe4 {[%clk 0:48:43]} 18. Bxe4 {[%clk 0:39:24]} Nd7
{[%clk 0:39:38]} 19. f4 {[%clk 0:38:46]} exf4 {[%clk 0:38:14]} 20. Nxf4
{[%clk 0:34:41]} Nc5 {[%clk 0:38:38]} 21. Bg2 {[%clk 0:34:04]} Bg7
{[%clk 0:38:18]} 22. Kh1 {[%clk 0:30:49]} g5 {[%clk 0:34:12]} 23. d4
{[%clk 0:26:20]} Bxd4 {[%clk 0:31:08]} 24. Qd2 {[%clk 0:26:24]} Bg7
{[%clk 0:30:22]} 25. Nd5 {[%clk 0:23:14]} cxd5 {[%clk 0:19:18]} 26. Bxd5+
{[%clk 0:23:40]} Ne6 {[%clk 0:18:58]} 27. Rb7 {[%clk 0:22:37]} Qxb7
{[%clk 0:13:14]} 28. Bxb7 {[%clk 0:23:01]} d5 {[%clk 0:13:41]} 29. Bxa8
{[%clk 0:22:56]} dxc4 {[%clk 0:14:04]} 30. Qe3 {[%clk 0:19:34]} Nc7
{[%clk 0:13:47]} 31. Qe7 {[%clk 0:19:47]} 1-0

[Event "Moscow_Open_19_Turnir"]
[Site "?"]
[Date "2019.01.31"]
[Round "7.7"]
[White "Rudometov, Maxim"]
[Black "Kuzub, Pavel"]
[Result "1-0"]
[BlackElo "1976"]
[WhiteElo "2265"]
[LiveChessVersion "1.4.8"]

1. c4 {[%clk 1:30:14]} c6 {[%clk 1:10:26]} 2. Nc3 {[%clk 1:30:09]} d5
{[%clk 1:10:25]} 3. e3 {[%clk 1:30:01]} Nf6 {[%clk 1:10:47]} 4. Nf3
{[%clk 1:29:57]} e6 {[%clk 1:08:37]} 5. b3 {[%clk 1:30:00]} Nbd7 {[%clk 1:08:42]}
6. Bb2 {[%clk 1:30:08]} Be7 {[%clk 1:08:05]} 7. d4 {[%clk 1:28:33]} b6
{[%clk 1:08:06]} 8. Bd3 {[%clk 1:28:42]} Bb7 {[%clk 1:07:50]} 9. O-O
{[%clk 1:28:50]} O-O {[%clk 1:08:01]} 10. Qe2 {[%clk 1:28:42]} c5
{[%clk 1:05:43]} 11. cxd5 {[%clk 1:13:17]} exd5 {[%clk 1:04:22]} 12. Rfd1
{[%clk 1:11:25]} Re8 {[%clk 1:01:31]} 13. Ba6 {[%clk 1:07:18]} Qb8 14. Rac1
{[%clk 1:00:42]} Bd6 {[%clk 0:49:28]} 15. h3 {[%clk 0:53:24]} cxd4
{[%clk 0:43:03]} 16. Nxd4 {[%clk 0:52:58]} Nc5 {[%clk 0:43:11]} 17. Bxb7
{[%clk 0:46:54]} Qxb7 {[%clk 0:43:29]} 18. Nf5 {[%clk 0:43:30]} Be5
{[%clk 0:40:56]} 19. b4 {[%clk 0:33:25]} Qd7 {[%clk 0:31:54]} 20. Nxg7
{[%clk 0:14:18]} Kxg7 {[%clk 0:29:07]} 21. bxc5 {[%clk 0:14:43]} bxc5
{[%clk 0:29:31]} 22. Nxd5 {[%clk 0:11:03]} Nxd5 {[%clk 0:28:29]} 23. Rxc5
{[%clk 0:11:09]} Rad8 {[%clk 0:20:51]} 24. Rcxd5 {[%clk 0:06:36]} Qxd5
{[%clk 0:21:14]} 25. Rxd5 {[%clk 0:07:04]} Rxd5 {[%clk 0:21:43]} 26. Qg4+
{[%clk 0:04:30]} Kf8 {[%clk 0:20:46]} 27. Ba3+ {[%clk 0:02:56]} Bd6
{[%clk 0:20:56]} 28. Bxd6+ {[%clk 0:03:01]} Rxd6 {[%clk 0:21:25]} 29. Qb4
{[%clk 0:03:24]} Red8 {[%clk 0:21:20]} 30. h4 {[%clk 0:03:37]} Kg8
{[%clk 0:21:16]} 31. g4 {[%clk 0:03:27]} a6 {[%clk 0:19:39]} 32. h5
{[%clk 0:03:20]} h6 {[%clk 0:19:06]} 33. a4 {[%clk 0:03:25]} Re6 {[%clk 0:18:52]}
34. Kg2 {[%clk 0:03:42]} Rde8 {[%clk 0:18:58]} 35. Kf3 {[%clk 0:03:56]} Rf6+
{[%clk 0:19:15]} 36. Kg3 {[%clk 0:04:22]} Rfe6 {[%clk 0:19:42]} 37. Qf4
{[%clk 0:04:15]} Kg7 {[%clk 0:18:40]} 38. Qd4+ {[%clk 0:04:08]} Kg8
{[%clk 0:18:36]} 39. Kf4 {[%clk 0:04:23]} Kh7 {[%clk 0:17:56]} 40. e4
{[%clk 0:04:37]} R8e7 {[%clk 0:17:25]} 41. Kf5 {[%clk 0:04:13]} Rb7
{[%clk 0:14:05]} 42. f4 {[%clk 0:03:42]} Reb6 {[%clk 0:10:54]} 43. Qc4
{[%clk 0:02:37]} Kg7 {[%clk 0:10:18]} 44. g5 {[%clk 0:02:38]} Re6
{[%clk 0:09:46]} 45. Qd4+ {[%clk 0:02:42]} Kg8 {[%clk 0:09:49]} 46. g6
{[%clk 0:02:34]} Rbe7 {[%clk 0:09:28]} 47. gxf7+ {[%clk 0:02:55]} Kxf7
{[%clk 0:09:42]} 48. Qc4 {[%clk 0:02:12]} Re8 {[%clk 0:09:49]} 49. a5
{[%clk 0:02:18]} R8e7 {[%clk 0:10:13]} 50. e5 {[%clk 0:02:43]} Re8
{[%clk 0:10:35]} 51. Qd5 {[%clk 0:02:51]} R8e7 {[%clk 0:10:54]} 52. Ke4
{[%clk 0:03:04]} 1-0

[Event "Moscow_Open_19_Turnir"]
[Site "?"]
[Date "2019.01.31"]
[Round "7.9"]
[White "Mamatov, Melis"]
[Black "Dulguun, Altankhuyag"]
[Result "1-0"]
[BlackElo "1681"]
[WhiteElo "2203"]
[LiveChessVersion "1.4.8"]

1. e4 {[%clk 1:09:46]} e5 {[%clk 1:30:54]} 2. Nf3 {[%clk 1:10:12]} Nc6
{[%clk 1:31:19]} 3. Bc4 {[%clk 1:10:35]} Nf6 {[%clk 1:31:43]} 4. d3
{[%clk 1:09:48]} d6 {[%clk 1:32:10]} 5. c3 {[%clk 1:09:34]} h6 {[%clk 1:32:38]}
6. O-O {[%clk 1:05:26]} g5 {[%clk 1:33:02]} 7. b4 {[%clk 1:01:35]} g4
{[%clk 1:32:45]} 8. Ne1 {[%clk 1:00:22]} Bg7 {[%clk 1:32:35]} 9. Qe2
{[%clk 0:56:04]} Ne7 {[%clk 1:30:41]} 10. f4 {[%clk 0:55:18]} exf4
{[%clk 1:27:58]} 11. Bxf4 {[%clk 0:55:14]} Ng6 {[%clk 1:28:23]} 12. e5
{[%clk 0:50:47]} Qe7 {[%clk 1:28:47]} 13. d4 {[%clk 0:51:03]} dxe5
{[%clk 1:21:33]} 14. Bxe5 {[%clk 0:43:21]} O-O {[%clk 1:21:35]} 15. Bxf6
{[%clk 0:42:54]} Bxf6 {[%clk 1:22:00]} 16. Qxe7 {[%clk 0:43:14]} Bxe7
{[%clk 1:22:28]} 17. Nd3 {[%clk 0:43:17]} Bd6 {[%clk 1:22:46]} 18. Nd2 Kg7
{[%clk 1:21:52]} 19. Ne4 {[%clk 0:37:49]} Be7 {[%clk 1:22:11]} 20. Rae1
{[%clk 0:36:00]} b6 {[%clk 1:20:25]} 21. Ng3 {[%clk 0:34:11]} f5 {[%clk 1:14:33]}
22. Nf4 {[%clk 0:31:54]} Bd6 {[%clk 1:12:24]} 23. Ngh5+ {[%clk 0:26:16]} Kh7
{[%clk 1:11:52]} 24. Nd5 {[%clk 0:24:25]} Nh8 {[%clk 1:09:11]} 25. Bd3
{[%clk 0:19:39]} Kg6 {[%clk 1:09:19]} 26. Nhf4+ {[%clk 0:18:29]} Kg5
{[%clk 1:09:16]} 27. g3 {[%clk 0:13:28]} Bd7 {[%clk 1:09:01]} 28. Ne6+
{[%clk 0:12:54]} Bxe6 {[%clk 1:09:26]} 29. Rxe6 {[%clk 0:13:22]} a5
{[%clk 1:09:06]} 30. b5 {[%clk 0:13:30]} h5 {[%clk 1:07:56]} 31. Nxb6
{[%clk 0:13:54]} Rad8 {[%clk 1:05:45]} 32. Nc4 {[%clk 0:14:00]} Ng6
{[%clk 1:05:45]} 33. Ne3 {[%clk 0:13:52]} Ne7 {[%clk 1:03:45]} 34. Kg2
{[%clk 0:10:07]} f4 {[%clk 1:04:02]} 35. gxf4+ {[%clk 0:10:15]} Rxf4
{[%clk 1:04:31]} 36. Rxf4 {[%clk 0:09:28]} Kxf4 {[%clk 1:05:00]} 37. c4
{[%clk 0:09:12]} Bb4 {[%clk 1:04:44]} 38. Nc2 {[%clk 0:07:49]} Rd7
{[%clk 1:04:01]} 39. c5 {[%clk 0:06:59]} Bxc5 {[%clk 1:04:18]} 40. Re4+
{[%clk 0:07:28]} Kg5 {[%clk 1:04:44]} 41. Re5+ {[%clk 0:07:55]} 1-0

[Event "Moscow_Open_19_Turnir"]
[Site "?"]
[Date "2019.01.31"]
[Round "7.10"]
[White "Oguzov, Shamil"]
[Black "Kovalev, Egor"]
[Result "0-1"]
[BlackElo "2234"]
[WhiteElo "2196"]
[LiveChessVersion "1.4.8"]

1. e4 {[%clk 1:29:21]} c5 {[%clk 0:45:07]} 2. Nf3 {[%clk 1:29:43]} Nc6
{[%clk 0:45:15]} 3. d4 {[%clk 1:30:07]} cxd4 {[%clk 0:45:41]} 4. Nxd4
{[%clk 1:30:33]} Qc7 {[%clk 0:46:08]} 5. Nc3 {[%clk 1:30:56]} e6 {[%clk 0:46:24]}
6. g3 {[%clk 1:31:16]} a6 {[%clk 0:45:37]} 7. Bg2 {[%clk 1:31:27]} Nf6
{[%clk 0:45:59]} 8. O-O {[%clk 1:31:43]} Nxd4 {[%clk 0:44:36]} 9. Qxd4
{[%clk 1:32:03]} Bc5 {[%clk 0:44:59]} 10. Bf4 {[%clk 1:29:40]} d6
{[%clk 0:32:16]} 11. Qd3 {[%clk 1:27:47]} h6 {[%clk 0:32:40]} 12. Rad1 e5
{[%clk 0:32:39]} 13. Be3 {[%clk 1:23:02]} Bg4 {[%clk 0:26:15]} 14. Rd2
{[%clk 1:09:08]} O-O {[%clk 0:24:27]} 15. h3 {[%clk 0:56:50]} Be6
{[%clk 0:22:59]} 16. Bxc5 {[%clk 0:56:33]} dxc5 {[%clk 0:23:28]} 17. Rfd1
{[%clk 0:54:34]} b5 {[%clk 0:16:53]} 18. a3 {[%clk 0:48:38]} Rfc8
{[%clk 0:15:38]} 19. Qe3 {[%clk 0:47:47]} b4 {[%clk 0:14:41]} 20. Nd5
{[%clk 0:45:58]} Bxd5 {[%clk 0:15:08]} 21. exd5 {[%clk 0:46:23]} Qd6
{[%clk 0:15:29]} 22. Re2 {[%clk 0:42:48]} Re8 {[%clk 0:15:58]} 23. c4
{[%clk 0:37:36]} a5 {[%clk 0:14:50]} 24. Ree1 {[%clk 0:32:42]} Rab8
{[%clk 0:14:43]} 25. Ra1 {[%clk 0:30:05]} a4 {[%clk 0:14:25]} 26. axb4
{[%clk 0:28:57]} Rxb4 {[%clk 0:14:42]} 27. Qc3 {[%clk 0:28:11]} Nd7
{[%clk 0:13:50]} 28. Ra3 {[%clk 0:27:13]} Reb8 {[%clk 0:12:44]} 29. Rea1
{[%clk 0:26:12]} Nb6 {[%clk 0:07:43]} 30. Bf1 {[%clk 0:26:22]} e4
{[%clk 0:07:15]} 31. Re1 {[%clk 0:19:53]} f5 {[%clk 0:07:27]} 32. g4
{[%clk 0:18:26]} g6 {[%clk 0:07:57]} 33. Qc1 {[%clk 0:15:11]} Kh7
{[%clk 0:07:29]} 34. f3 {[%clk 0:14:46]} Qg3+ {[%clk 0:07:23]} 35. Kh1
{[%clk 0:09:53]} Nxc4 {[%clk 0:07:09]} 36. Bxc4 {[%clk 0:08:25]} Rxc4
{[%clk 0:07:37]} 37. Qd2 {[%clk 0:01:48]} Rd4 {[%clk 0:08:06]} 38. fxe4
{[%clk 0:00:59]} Qxa3 {[%clk 0:08:27]} 39. Qh2 {[%clk 0:00:56]} Qf3+
{[%clk 0:07:47]} 40. Kg1 {[%clk 0:01:10]} f4 {[%clk 0:08:02]} 0-1